Normal view
MARC view
- الفلسفة الاسلامية- تراجم- ابن رشد
Entry Topical Term
001 - CONTROL NUMBER
- control field: 52574
003 - CONTROL NUMBER IDENTIFIER
- control field: JO-AjAnu
005 - DATE AND TIME OF LATEST TRANSACTION
- control field: 20230606082636.0
008 - FIXED-LENGTH DATA ELEMENTS
- fixed length control field: 230606|| aca||aabn | a|a d
040 ## - CATALOGING SOURCE
- Original cataloging agency: JO-AjAnu
- Transcribing agency: JO-AjAnu
150 ## - HEADING--TOPICAL TERM
- Topical term or geographic name entry element: الفلسفة الاسلامية- تراجم- ابن رشد
670 ## - SOURCE DATA FOUND
- Source citation: Work cat.: (JO-AjAnu)26865: تحرير: ملكاوي، فتحي ، عزمي طه, author 52573, العطاء الفكري لأبي الوليد بن رشد: وقائع الحلقة الدراسية التي عقدت في حرم جامعة آل البيت في المفرق/ الاردن بتاريخ 29 رجب 1419هـ الموافق له 18 تشرين الثاني 1998